[Event "Isla de Tenerife op"]
[Site "Tenerife"]
[Date "1999.??.??"]
[Round "3"]
[White "Jonkman, Harmen"]
[Black "Barlov, Dragan"]
[Result "0-1"]
[WhiteElo "2320"]
[BlackElo "2470"]

1.e4 c5 2.c3 Nf6 3.e5 Nd5 4.Nf3 e6 5.d4 cxd4 6.cxd4 d6 7.Bc4 Nb6 8.Bd3 Nc6
9.a3 dxe5 10.dxe5 Nd7 11.Bf4 Nc5 12.Bc2 Qxd1+ 13.Kxd1 a5 14.Nc3 Be7 15.h4 b6
16.Ke1 Ba6 17.Rd1 O-O 18.Ng5 h6 19.Nge4 Rad8 20.Rh3 Rxd1+ 21.Kxd1 Rd8+ 22.Kc1 Nd7
23.Bd3 Bb7 24.Nd6 Ndxe5 25.Bxe5 Nxe5 26.Be4 Bxe4 27.Ndxe4 f5 28.Nd2 Nd3+
29.Kc2 Ne1+ 30.Kc1 Nxg2 31.Nc4 Bxh4 32.Rh2 Bg5+ 33.Kb1 Ne1 34.Nxb6 Rd4 35.Rh1 Nd3
36.Rd1 Bf6 37.Nb5 Rd8 38.Nc4 Nxf2 39.Rxd8+ Bxd8 40.Nd4 h5 41.Nxe6 h4 42.Ne3 g6
43.Nf1 Bf6 44.b4 axb4 45.axb4 Be5  0-1

[Event "POL-ch U20"]
[Site "Trzbinia"]
[Date "1999.??.??"]
[Round "?"]
[White "Pinski, Jan"]
[Black "Mickiewicz, Piotr"]
[Result "1-0"]
[WhiteElo "2346"]
[BlackElo "2230"]

1.e4 c5 2.c3 Nf6 3.e5 Nd5 4.d4 cxd4 5.Nf3 Nc6 6.Bc4 Nb6 7.Bb3 g6 8.cxd4 Bg7
9.d5 Nxe5 10.Nxe5 Bxe5 11.Bh6 d6 12.Nc3 f5 13.O-O Kf7 14.g4 Re8 15.Bc2 Kg8
16.f4 Bf6 17.gxf5 gxf5 18.Qh5 Kh8 19.Kh1 Qc7  1-0

[Event "RUS-Cup"]
[Site "Tula "]
[Date "1999.??.??"]
[Round "5"]
[White "Vaulin, Alexander"]
[Black "Sherbakov, Ruslan"]
[Result "1/2-1/2"]
[WhiteElo "2547"]
[BlackElo "2559"]

1.e4 c5 2.c3 Nf6 3.e5 Nd5 4.d4 cxd4 5.Qxd4 e6 6.Nf3 Nc6 7.Qe4 d6 8.Nbd2 dxe5
9.Nxe5 Nxe5 10.Qxe5 Qc7 11.Qxc7 Nxc7 12.Be2 Bd7 13.Bf3 O-O-O 14.Nc4 Bb5 15.Ne5 Be8
16.Be3 f6 17.Nc4 b6 18.Rd1 Rxd1+ 19.Kxd1  1/2-1/2

[Event "FIN-ch"]
[Site "Vammala"]
[Date "1999.??.??"]
[Round "1"]
[White "Penttinen, Jarkko"]
[Black "Nyysti, Sampsa"]
[Result "1-0"]
[WhiteElo "2304"]
[BlackElo "2178"]

1.e4 c5 2.c3 Nf6 3.e5 Nd5 4.d4 cxd4 5.Nf3 e6 6.Bc4 Nb6 7.Bb3 d3 8.Qxd3 d5
9.O-O Nc6 10.Re1 Qc7 11.Nbd2 Nd7 12.Qe2 b6 13.Nf1 Nc5 14.Bc2 Ba6 15.Qe3 Nd7
16.Bd2 h6 17.Ng3 Bc5 18.Qf4 g5 19.Qg4 O-O-O 20.Qa4 Bb7 21.b4 Be7 22.Be3 g4
23.Nd4 h5 24.Bf4 h4 25.Ngf5 exf5 26.e6 Qxf4 27.Nxc6 Bd6 28.Nxd8 Rxd8 29.exd7+ Kc7
30.g3 hxg3 31.hxg3 Qh6 32.Bxf5 Qh5 33.Qc2 Rh8 34.Kf1 Bxg3 35.Qd3 Bf4 36.Re8 Qh1+
37.Ke2 Qh4 38.Rh1 Qxf2+ 39.Kxf2 g3+ 40.Ke2  1-0

[Event "FIN-ch"]
[Site "Vammala"]
[Date "1999.??.??"]
[Round "2"]
[White "Maki Uuro, Miikka"]
[Black "Haapasalo, Jukka Pekka"]
[Result "1-0"]
[WhiteElo "2355"]
[BlackElo "2249"]

1.e4 c5 2.c3 Nf6 3.e5 Nd5 4.d4 cxd4 5.Nf3 e6 6.cxd4 b6 7.Bd3 Bb4+ 8.Bd2 Bxd2+
9.Qxd2 Ba6 10.Be4 Nc6 11.Bxd5 exd5 12.Nc3 d6 13.O-O-O O-O 14.Nxd5 Qd7 15.Kb1 Rac8
16.Ka1 Rfd8 17.Rhe1 dxe5 18.dxe5 Kh8 19.Qf4 h6 20.Nc3 Qe7 21.Rd6 Rxd6 22.exd6 Qd7
23.g4 Rd8 24.Rd1 Qe6 25.g5 h5 26.Re1 Qg4 27.Qxf7 Bc4 28.Re8+ Kh7 29.g6+ Kh6
30.Rxd8 Bxf7 31.gxf7  1-0

[Event "Vantaa op"]
[Site "Vantaa"]
[Date "1999.??.??"]
[Round "2"]
[White "Bibik, Jura"]
[Black "Salimaki, Janne"]
[Result "1/2-1/2"]
[WhiteElo "2270"]
[BlackElo "2282"]

1.e4 c5 2.c3 Nf6 3.e5 Nd5 4.d4 cxd4 5.Qxd4 e6 6.Nf3 Nc6 7.Qe4 d6 8.Nbd2 dxe5
9.Nxe5 Qc7 10.Bb5 a6 11.Bxc6+ bxc6 12.O-O Bb7 13.Ndf3 Bd6 14.Nc4 Be7 15.Ng5 c5
16.Qg4 O-O 17.Re1 Rad8 18.h4 Ba8 19.Ne5 Nf6 20.Qe2 Rd5 21.Nexf7 Qc6 22.f3 Rxf7
23.Nxf7 Kxf7 24.Bg5 c4 25.Rad1 h6 26.Be3 Re5 27.Kh1 Nd5 28.Qd2 Bxh4 29.Bf2 Rh5
30.Bxh4 Rxh4+ 31.Kg1 Qc5+ 32.Kf1 Rh1+ 33.Ke2 Rxe1+ 34.Rxe1 Bc6 35.Kf1 Qd6
36.Qe2 Nf4 37.Qe3 Qd3+ 38.Qxd3 Nxd3 39.Rb1 Bd5 40.Ke2 Nf4+ 41.Kf2 Nd3+ 42.Ke3 Ke7
43.b3 Ne5 44.f4 Ng4+ 45.Kd4 cxb3 46.axb3 Bxg2 47.Rg1 Bf3 48.Rg3 Bd1 49.Rg1 Bf3
50.Rg3 Bd1 51.Rg1  1/2-1/2

[Event "Vantaa op3"]
[Site "Vantaa"]
[Date "1999.??.??"]
[Round "7"]
[White "Van Linde, Paul"]
[Black "Haapasalo, Jukka Pekka"]
[Result "1-0"]
[WhiteElo "2185"]
[BlackElo "2249"]

1.e4 c5 2.c3 Nf6 3.e5 Nd5 4.Nf3 e6 5.d4 cxd4 6.cxd4 b6 7.Nc3 Nxc3 8.bxc3 Qc7
9.Bd2 Bb7 10.Bd3 d6 11.O-O Nd7 12.Ng5 dxe5 13.Qh5 g6 14.Qh3 Be7 15.Rae1 h6
16.f4 Bxg5 17.fxg5 h5 18.dxe5 Nc5 19.Bb5+ Kf8 20.Rf4 Rd8 21.Rd4 Ne4 22.Be3 Kg7
23.Rxd8 Rxd8 24.Bd4 Qe7 25.Qh4 Nxc3 26.Bxc3 Qc5+ 27.Qf2 Qxc3 28.Qf6+ Kh7
29.Qxf7+ Kh8 30.Qf6+ Kh7 31.Qe7+  1-0

[Event "JUG-chT (Women)"]
[Site "Vrnjacka Banja"]
[Date "1999.??.??"]
[Round "1"]
[White "Rajkovic, Dragana"]
[Black "Benderac, Ana"]
[Result "1/2-1/2"]
[WhiteElo "2078"]
[BlackElo "2237"]

1.e4 c5 2.c3 Nf6 3.e5 Nd5 4.d4 cxd4 5.Nf3 e6 6.cxd4 d6 7.exd6 Bxd6 8.Nc3 O-O
9.Nxd5 exd5 10.Qc2 Re8+ 11.Be2 Qe7 12.h3 Bf5 13.Qd1 Bb4+ 14.Kf1 Nc6 15.Be3 Na5
16.Ne5 f6 17.Nd3 Nc4 18.Nxb4 Nxe3+ 19.fxe3 Qxb4 20.Bf3 Qb5+ 21.Kf2 Rac8 22.Re1 Qxb2+
23.Re2 Qb5 24.Qb3 Qxb3 25.axb3 Be4 26.Rxa7 Rc7 27.Rea2 Kf7 28.b4 Ree7 29.Bxe4 Rxe4
30.R2a5 Rd7 31.Rb5 Ree7 32.Raa5 Ke6 33.Kf3 f5 34.Rb6+ Rd6 35.Rab5 f4 36.Rxb7 fxe3
37.Kxe3 Rdd7 38.Rxd7 Kxd7+ 39.Kd3 Kc6 40.Rc5+ Kd6 41.b5 Re1 42.b6 Rb1 43.Rc7 Rxb6
44.Rxg7 Rb2 45.h4 Rb3+ 46.Ke2 Rb4 47.Kd3 Rb3+ 48.Kc2 Ra3 49.g4 h5 50.gxh5 Ke6
51.h6 Ra8 52.Kd3 Rh8 53.h5 Rxh6 54.Rg6+ Rxg6 55.hxg6 Kf6 56.Kc3 Kxg6 57.Kb4 Kf5
58.Kb5 Ke6 59.Kc6 Ke7  1/2-1/2

[Event "JUG-chT (Women)"]
[Site "Vrnjacka Banja"]
[Date "1999.??.??"]
[Round "3"]
[White "Maric, Mirjana"]
[Black "Skripchenko, Almira"]
[Result "1/2-1/2"]
[WhiteElo "2316"]
[BlackElo "2456"]

1.e4 c5 2.c3 Nf6 3.e5 Nd5 4.d4 cxd4 5.cxd4 e6 6.Nf3 b6 7.Bc4 Bb7 8.O-O Na6
9.Bg5 f6 10.exf6 gxf6 11.Ne5 fxg5 12.Qh5+ Ke7 13.Bxd5 Bxd5 14.Qxg5+ Ke8 15.Qh5+ Ke7
16.Qg5+  1/2-1/2

[Event "JUG-chT (Women)"]
[Site "Vrnjacka Banja"]
[Date "1999.??.??"]
[Round "5"]
[White "Maric, Mirjana"]
[Black "Shumiakina, Tatiana"]
[Result "1/2-1/2"]
[WhiteElo "2316"]
[BlackElo "2352"]

1.e4 c5 2.c3 Nf6 3.e5 Nd5 4.d4 cxd4 5.Nf3 Nc6 6.cxd4 d6 7.Bc4 Nb6 8.Bb5 dxe5
9.Nxe5 Bd7 10.Bxc6 Bxc6 11.Nxc6 bxc6 12.O-O g6 13.Qc2 Qd7 14.Bf4 Bg7 15.Rd1 O-O
16.Be5 Bh6 17.Nc3 Rac8 18.b3 Rfd8 19.Ne4 Qf5 20.Qe2 Nd5 21.h3 Nf4 22.Qf3 Ne6
23.Qxf5 gxf5 24.Nc5 Nxc5 25.dxc5 Bd2 26.a3 Rd5 27.b4 f6 28.Bg3 f4 29.Bh4 Rcd8
30.Kf1 Rd4 31.f3 a6 32.Bf2 R4d5 33.Ra2 Kf7 34.Rc2 Kg6 35.Ke2 Re5+ 36.Kf1 Red5
37.Ke2 Re5+ 38.Kf1 Red5  1/2-1/2

[Event "JUG-chT"]
[Site "Vrnjacka Banja"]
[Date "1999.??.??"]
[Round "5"]
[White "Sveshnikov, Evgeny"]
[Black "Tosic, Miroslav"]
[Result "1-0"]
[WhiteElo "2541"]
[BlackElo "2502"]

1.e4 c5 2.c3 Nf6 3.e5 Nd5 4.Nf3 e6 5.Bc4 Nb6 6.Bb3 d6 7.exd6 Bxd6 8.d4 Be7
9.O-O N8d7 10.Qe2 O-O 11.Rd1 Re8 12.dxc5 Bxc5 13.Nbd2 Qc7 14.Ne4 Be7 15.Bg5 Nf8
16.Bxe7 Rxe7 17.c4 Ng6 18.Qd2 Bd7 19.c5 Nc8 20.Nd4 a6 21.Rac1 Na7 22.Nd6 Nc6
23.Nf3 Nce5 24.Ng5 h6 25.f4 hxg5 26.fxe5 Nxe5 27.Qxg5 f6 28.Qg3 Kf8 29.Qh4 Nf7
30.Nxf7 Kxf7 31.Rd6 Kg8 32.Rc3 Rae8 33.Bc2 f5 34.b4 Rf7 35.Rh3 Rf6 36.Bd1 Rh6
37.Bh5 Bc8 38.Qg5 Rf8 39.Bg6 a5 40.a3 axb4 41.axb4 b6 42.Rxh6 gxh6 43.Qxh6 bxc5
44.b5 c4 45.b6 Qg7 46.Qxg7+ Kxg7 47.Bh5 Kf6 48.Bf3 Rf7 49.Rc6 Bb7 50.Rxc4 Bxf3
51.gxf3 Rb7 52.Rb4 Ke5 53.Kf2 Kd5 54.h4 Kc5 55.Rb1 e5 56.h5 e4 57.Ke3 exf3
58.Kxf3 Kc6 59.Kf4 Kd6 60.h6 Kc6 61.Kxf5  1-0

[Event "JUG-chT"]
[Site "Vrnjacka Banja"]
[Date "1999.??.??"]
[Round "6"]
[White "Ristic, Nenad"]
[Black "Nikcevic, Nebojsa"]
[Result "1-0"]
[WhiteElo "2432"]
[BlackElo "2466"]

1.e4 c5 2.c3 Nf6 3.e5 Nd5 4.d4 cxd4 5.Nf3 e6 6.cxd4 b6 7.Bd3 Ba6 8.O-O Be7
9.Nc3 Nxc3 10.bxc3 Bxd3 11.Qxd3 O-O 12.d5 exd5 13.Rd1 Qc8 14.Bg5 Nc6 15.Qxd5 Rd8
16.Qe4 h6 17.Bf4 Qa6 18.e6 fxe6 19.Rxd7 Rxd7 20.Qxe6+ Kh8 21.Qxd7 Qc4 22.Ne5 Nxe5
23.Bxe5 Bf8 24.Bd4 Kg8 25.Qb7 Qc8 26.Qd5+ Kh8 27.Re1 Qd8 28.Qc6 Kg8 29.h3 Rc8
30.Qe6+ Kh7 31.Qf5+ Kg8 32.Qe6+ Kh7 33.Re4 Rc7 34.Rg4 Qd7 35.Qe4+ Kg8 36.Qa8 Rc8
37.Qf3 Qf7 38.Rf4 Qxa2 39.Qb7 Qe6 40.Rg4 g5 41.h4 Re8 42.Qf3 Be7 43.Re4 Qf7
44.Qe2 Kf8 45.Re6 Bc5 46.Bg7+ Kxg7 47.Rxe8 Bxf2+ 48.Kh1 Bc5 49.Qe5+ Qf6 50.Rg8+ Kf7
51.Qe8+  1-0

[Event "JUG-chT"]
[Site "Vrnjacka Banja"]
[Date "1999.??.??"]
[Round "7"]
[White "Martinovic, Slobodan"]
[Black "Tosic, Miroslav"]
[Result "1/2-1/2"]
[WhiteElo "2445"]
[BlackElo "2502"]

1.e4 c5 2.c3 Nf6 3.e5 Nd5 4.d4 cxd4 5.Qxd4 e6 6.Nf3 Nc6 7.Qe4 d6 8.Nbd2 dxe5
9.Nxe5 Nxe5 10.Qxe5 Bd7 11.Nf3 Be7  1/2-1/2

[Event "JUG-chT"]
[Site "Vrnjacka Banja"]
[Date "1999.??.??"]
[Round "10"]
[White "Strikovic, Aleksa"]
[Black "Matulovic, Milan"]
[Result "1-0"]
[WhiteElo "2518"]
[BlackElo "2418"]

1.e4 c5 2.c3 Nf6 3.e5 Nd5 4.d4 cxd4 5.Nf3 Nc6 6.Bc4 Nb6 7.Bb3 d5 8.exd6 Qxd6
9.Na3 a6 10.cxd4 e6 11.O-O Be7 12.Qe2 O-O 13.Rd1 Nb4 14.Ne5 N4d5 15.Qf3 Bd7
16.Nac4 Nxc4 17.Nxc4 Qc7 18.Ne3 Nxe3 19.Bxe3 Bc6 20.d5 exd5 21.Bxd5 Bxd5
22.Rxd5 Rac8 23.Rc1 Qb8 24.Rcd1 Bf6 25.Rd7 Rc7 26.Bf4 Rxd7 27.Bxb8 Rxd1+
28.Qxd1 Rxb8 29.b3 Re8 30.g3 h6 31.h4 Re7 32.h5 Re6 33.Qc2 b5 34.b4 Be7 35.a3 Bf6
36.Kg2 Be7 37.Qc8+ Bf8 38.f4 Rd6 39.Kf2 Rd2+ 40.Ke3 Rd6 41.g4 Re6+ 42.Kf3 g6
43.f5 gxf5 44.gxf5 Rd6 45.Ke4 Kg7 46.Ke5 f6+ 47.Ke4 Kf7 48.Qc7+ Ke8 49.Qa7 Be7
50.Kf3 Bf8 51.Ke2 Kd8 52.Qf7 Be7 53.Qg7 Rc6 54.Qxh6 Rc2+ 55.Kd3 Ra2 56.Qg6 Rxa3+
57.Ke4 Ra4 58.h6 Rxb4+ 59.Kd3 Rb3+ 60.Kc2 Rh3 61.h7 Rh2+ 62.Kd3 Rh3+ 63.Ke4 Kd7
64.Qg8 a5 65.h8=Q Rxh8 66.Qxh8 a4 67.Kd5 Bd8 68.Qg7+ Be7 69.Qf7 a3 70.Qe6+ Ke8
71.Qg8+ Kd7 72.Qb8 a2 73.Qb7+ Ke8 74.Ke6 Kf8 75.Qxe7+ Kg8 76.Qe8+ Kg7 77.Qg6+  1-0

[Event "Hoogovens-C op"]
[Site "Wijk aan Zee"]
[Date "1999.??.??"]
[Round "2"]
[White "Jonkman, Harmen"]
[Black "Stellwagen, Daniel R"]
[Result "1-0"]
[WhiteElo "2310"]
[BlackElo "2150"]

1.e4 c5 2.c3 Nf6 3.e5 Nd5 4.Nf3 e6 5.d4 cxd4 6.cxd4 b6 7.Bd3 Ba6 8.Bxa6 Nxa6
9.O-O Be7 10.Nbd2 f5 11.exf6 Nxf6 12.Nc4 Rc8 13.Nce5 O-O 14.Bg5 Nc7 15.Qa4 b5
16.Qa5 Nfd5 17.Bd2 Qe8 18.Rfc1 Bd6 19.a3 Qh5 20.Re1 h6 21.Rac1 g5 22.h3 Nf6
23.Rc3 Nfd5 24.Rc2 Nf6 25.Rec1 g4 26.Nxg4 Nxg4 27.hxg4 Qxg4 28.Kf1 Qe4 29.Rxc7 Rxc7
30.Rxc7 Bxc7 31.Qxc7 Qb1+ 32.Ke2 Qe4+ 33.Be3 Qd5 34.Qg3+ Kh7 35.Qh4 h5 36.Qe7+ Kg8
37.Bh6 Qe4+ 38.Kd2  1-0

[Event "Zagreb op"]
[Site "Zagreb"]
[Date "1999.??.??"]
[Round "4"]
[White "Stevic, Hrvoje"]
[Black "Takac, Zvonko"]
[Result "1-0"]
[WhiteElo "2465"]
[BlackElo "2168"]

1.e4 c5 2.c3 Nf6 3.e5 Nd5 4.d4 cxd4 5.Nf3 e6 6.cxd4 Be7 7.Bc4 Nb6 8.Bd3 O-O
9.O-O Nd5 10.a3 b6 11.Qe2 a5 12.Qe4 g6 13.Bh6 Re8 14.Nc3 Bb7 15.Nb5 Bc6 16.Qe2 Bxb5
17.Bxb5 Nc7 18.Bd3 Nc6 19.Rac1 Rc8 20.Be4 Nd5 21.Bxd5 exd5 22.Qb5 Na7 23.Qxd5 Rc6
24.h3 g5 25.Rxc6 dxc6 26.Qc4 b5 27.Qc1 f6 28.Re1 Bf8 29.Bxf8 Rxf8 30.exf6 Qxf6
31.Qxg5+ Qxg5 32.Nxg5 b4 33.a4 Nc8 34.b3 Rd8 35.Nf3 Kf8 36.Rc1 Ne7 37.Kf1 Ke8
38.Ke2 Rd5 39.Kd3 Kd7 40.Ne5+ Kd6 41.Ke4  1-0

[Event "Boavista Masters"]
[Site "Porto POR"]
[Date "2000.01.02"]
[Round "6"]
[White "Rocha,S"]
[Black "Galego,L"]
[Result "1-0"]
[WhiteElo "2427"]
[BlackElo "2427"]

1.e4 c5 2.c3 Nf6 3.e5 Nd5 4.d4 cxd4 5.Nf3 e6 6.cxd4 d6 7.Nc3 Nxc3 8.bxc3 Nc6
9.Bd3 dxe5 10.dxe5 Qa5 11.O-O Nxe5 12.Nxe5 Qxe5 13.Re1 Qc7 14.Qg4 h5 15.Qg5 a6
16.Bf4 Qd8 17.Qg3 h4 18.Qe3 Qa5 19.Be5 Bd7 20.Rab1 Bc6 21.Be4 Rd8 22.Bxc6+ bxc6
23.Rb7 Qd5 24.c4 Qxc4 25.Qf3 f5 26.Bxg7 Bxg7 27.Qxf5  1-0

[Event "It D"]
[Site "Paretana ESP"]
[Date "2000.01.05"]
[Round "8"]
[White "Yepes Martinez,E"]
[Black "Fluvia Frigola,J"]
[Result "1/2-1/2"]
[WhiteElo "2260"]
[BlackElo "2197"]

1.e4 c5 2.c3 Nf6 3.e5 Nd5 4.d4 cxd4 5.Qxd4 e6 6.Nf3 Nc6 7.Qe4 f5 8.Qe2 Qc7
9.g3 Nde7 10.Na3 Ng6 11.Nb5 Qb8  1/2-1/2

[Event "ch-AUS"]
[Site "Mingara NSW AUS"]
[Date "2000.01.06"]
[Round "9"]
[White "Chapman,M AUS"]
[Black "Booth,Stew"]
[Result "1-0"]
[WhiteElo "2305"]
[BlackElo "2190"]

1.e4 c5 2.c3 Nf6 3.e5 Nd5 4.d4 cxd4 5.Nf3 e6 6.cxd4 d6 7.a3 Nc6 8.Bd3 dxe5
9.dxe5 Qc7 10.O-O Bd7 11.Re1 Be7 12.Qe2 h6 13.Bd2 Qb6 14.Nc3 Nxc3 15.Bxc3 a6
16.Qe4 Na7 17.Bd4 Qc7 18.Rac1 Bc6 19.Qg4 Kf8 20.Bxa7 Rxa7 21.Nd4 Qd7 22.Bc4 h5
23.Qf4 g5 24.Qe3 Ra8 25.Red1 Qe8 26.b4 Rd8 27.f4 Bd5 28.Bxd5 Rxd5 29.f5 exf5
30.Nxf5 Rxd1+ 31.Rxd1 Rg8 32.Qf3 Qc8 33.Nxe7 Kxe7 34.Qf6+ Ke8 35.e6 Qc7  1-0

[Event "Belgian Interteams 2000-1"]
[Site "BEL"]
[Date "2000.01.07"]
[Round "6"]
[White "Weemaes,R"]
[Black "Vanderstricht,G"]
[Result "1/2-1/2"]
[WhiteElo "2295"]
[BlackElo "2369"]

1.e4 c5 2.c3 Nf6 3.e5 Nd5 4.d4 cxd4 5.Nf3 e6 6.cxd4 d6 7.Nc3 Nxc3 8.bxc3 Qc7
9.Bd2 Nd7 10.exd6 Bxd6 11.Bd3 Nf6 12.O-O Bd7 13.Qe2  1/2-1/2

[Event "Belgian Interteams 2000-1"]
[Site "BEL"]
[Date "2000.01.07"]
[Round "6"]
[White "Van Houtte,T"]
[Black "Kohlweyer,B"]
[Result "0-1"]
[WhiteElo "2229"]
[BlackElo "2455"]

1.e4 c5 2.c3 Nf6 3.e5 Nd5 4.d4 cxd4 5.Nf3 e6 6.cxd4 d6 7.Bc4 Nb6 8.Bd3 Bd7
9.O-O Bc6 10.Re1 N8d7 11.Ng5 Qe7 12.exd6 Qxd6 13.Nc3 Nf6 14.Nb5 Qd7 15.a4 Bb4
16.Bd2 Bxd2 17.Qxd2 O-O 18.Qf4 Nxa4 19.Nd6 h6 20.Ngxf7 Rxf7 21.Nxf7 Qxf7
22.Bc4 Nd5 23.Qxf7+ Kxf7 24.Bxd5 exd5 25.b3 Nc3 26.Re3 Nb5 27.Rf3+ Kg8 28.Rd1 Re8
29.Re3 Rc8 30.h4 Rc7 31.Kh2 Nd6 32.g4 Rf7 33.f3 h5 34.Kg3 hxg4 35.fxg4 Ne4+
36.Kg2 Rf4 37.g5  0-1

[Event "ch-AUS"]
[Site "Mingara NSW AUS"]
[Date "2000.01.08"]
[Round "10"]
[White "Smerdon,D"]
[Black "Booth,Stew"]
[Result "0-1"]
[WhiteElo "2173"]
[BlackElo "2190"]

1.e4 c5 2.c3 Nf6 3.e5 Nd5 4.d4 cxd4 5.Nf3 d6 6.cxd4 Nc6 7.Bc4 Nb6 8.Bb5 dxe5
9.Nxe5 Bd7 10.Bxc6 Bxc6 11.Nxc6 bxc6 12.Nc3 g6 13.Be3 Bg7 14.O-O O-O 15.Rc1 Rc8
16.Qe2 Nd5 17.Nxd5 cxd5 18.Rxc8 Qxc8 19.Rc1 Qe6 20.Kf1 h5 21.Qd2 Qa6+ 22.Qe2 Qxa2
23.Qb5 e6 24.h3 a6 25.Qb4 a5 26.Qb5 a4 27.Rc3 e5 28.dxe5 Bxe5 29.Rc2 a3 30.Qa4 Qa1+
31.Rc1 axb2  0-1

[Event "ch-CRO"]
[Site "Pula CRO"]
[Date "2000.01.08"]
[Round "2"]
[White "Novak,D"]
[Black "Feletar,D"]
[Result "0-1"]
[WhiteElo "2365"]
[BlackElo "2411"]

1.e4 c5 2.c3 Nf6 3.e5 Nd5 4.d4 cxd4 5.Nf3 e6 6.cxd4 b6 7.Nc3 Nxc3 8.bxc3 Qc7
9.Bd2 Be7 10.Bd3 Ba6 11.Bxa6 Nxa6 12.Qe2 Qb7 13.O-O O-O 14.a4 Nc7 15.Rfb1 Qc6
16.c4 Rab8 17.Qd3 h6 18.Rc1 Rbc8 19.d5 exd5 20.Nd4 Qg6 21.Nf5 Bc5 22.Be3 Rfe8
23.Bxc5 bxc5 24.Re1 Ne6 25.cxd5 Nd4 26.e6 dxe6 27.d6 Qxf5 28.Qxf5 exf5 29.d7 Rxe1+
30.Rxe1 Rf8 31.Re8 Ne6 32.Kf1 Nd8 33.Ke2 f6 34.Re7 Nc6 35.Re8 Kf7 36.Rc8 Nd4+
37.Kd3 Ne6  0-1

[Event "Belgian Interteams 1999-2000"]
[Site "Antwerp BEL"]
[Date "2000.01.09"]
[Round "7"]
[White "Knors,R"]
[Black "De Wit,D"]
[Result "1/2-1/2"]
[WhiteElo "2021"]
[BlackElo "2207"]

1.e4 c5 2.c3 Nf6 3.e5 Nd5 4.d4 cxd4 5.cxd4 Nc6 6.Nf3 d6 7.Bc4 Nb6 8.Bb5 d5
9.Nc3 Bg4 10.Be3 e6 11.O-O Be7 12.Rc1 O-O 13.Bd3 Kh8 14.h3 Bh5 15.Qe2 Rc8
16.Rfd1 a6 17.g4 Bg6 18.Nd2 Bxd3 19.Qxd3 Nb4 20.Qe2 Nc4 21.a3 Nxd2 22.Qxd2 Nc6
23.b4 a5 24.b5 Na7 25.Qb2 Qb6 26.Rb1 Rc4 27.Qb3 Rfc8 28.Na4 Qd8 29.Rdc1 b6
30.Nb2 Rxc1+ 31.Rxc1 Rxc1+ 32.Bxc1 Qd7 33.a4  1/2-1/2

[Event "ch-CRO"]
[Site "Pula CRO"]
[Date "2000.01.11"]
[Round "5"]
[White "Novak,D"]
[Black "Hulak,K"]
[Result "1/2-1/2"]
[WhiteElo "2365"]
[BlackElo "2493"]

1.e4 c5 2.c3 Nf6 3.e5 Nd5 4.d4 cxd4 5.Nf3 Nc6 6.Bc4 e6 7.cxd4 d6 8.O-O Be7
9.Qe2 O-O 10.Rd1 Na5 11.Bxd5 exd5 12.Nc3 Be6 13.Bf4 dxe5 14.Nxe5 Rc8 15.Rac1 Re8
16.Na4 Bf8 17.Rxc8 Bxc8 18.Qc2 f6 19.Nf3 Nc6 20.Nc3 Be6 21.h3 Qd7 22.Qb3 Bf7
23.Rc1 h5 24.Nb5 g5 25.Be3 Na5 26.Rc7 Qe6 27.Qa4 Nc4 28.Rxc4 dxc4 29.Nc7 Qc8
30.Nxe8 Bxe8 31.Qxa7 Bc6 32.Nd2 Qd8 33.f3 b5 34.Ne4 Be7 35.Qa6 Qd7 36.a4 Kg7
37.axb5 Bxb5 38.Qb6 Bc6 39.Nc5 Qc8 40.Qa7 Kf7 41.Qa6 Qxa6 42.Nxa6 h4 43.Nc5 f5
44.Bd2 Bf6 45.Bc3 Bd5 46.Nd7 Bd8 47.Kf2 Ke6 48.Ne5 Bc7 49.g3 Bxe5 50.dxe5  1/2-1/2

[Event "VII Anibal Open"]
[Site "Linares ESP"]
[Date "2000.01.15"]
[Round "9"]
[White "Jonkman,H"]
[Black "Halkias,S"]
[Result "1-0"]
[WhiteElo "2421"]
[BlackElo "2406"]

1.e4 c5 2.c3 Nf6 3.e5 Nd5 4.Nf3 Nc6 5.Na3 g6 6.Qb3 Nb6 7.d4 cxd4 8.cxd4 Bg7
9.Bf4 d5 10.exd6 Be6 11.Qd1 O-O 12.Be2 exd6 13.O-O a6 14.Qd2 Bd5 15.Nc2 Re8
16.Rfe1 Qd7 17.h3 Be4 18.Rac1 Rac8 19.Bh6 f6 20.Bxg7 Kxg7 21.Ne3 Nd5 22.Nxd5 Bxd5
23.b3 Re7 24.Nh2 f5 25.Bf3 Bf7 26.Nf1 Rce8 27.Red1 d5 28.Ng3 h6 29.h4 Be6
30.Ne2 Bf7 31.Nc3 Qd6 32.g3 Rd8 33.Na4 Qf6 34.Rc5 g5 35.hxg5 hxg5 36.Nb6 g4
37.Bxd5 Rh8 38.Bg2 Nxd4 39.Qxd4 Re1+ 40.Bf1 Rxd1 41.Qxd1 Qxb6 42.Rxf5 Bg6
43.Rd5 Rf8 44.Qd4+ Rf6 45.Rd7+ Kh6 46.Qd2+ Kh5 47.Rd5+ Rf5 48.Rd6 Rxf2 49.Qh6+ Kxh6
50.Rxb6 Rf3 51.Bg2 Rxg3 52.Kf2 Rxg2+ 53.Kxg2 Kg5 54.Rb4 Kh4 55.Kh2 b5 56.Rd4 Bb1
57.a3 Bc2 58.b4 Bf5 59.Rf4 Bd3 60.Rf6 g3+ 61.Kg1 Kg4 62.Rxa6 Kf4 63.Re6 Bc4
64.Re7 Bd5 65.a4 bxa4 66.b5 a3 67.b6 a2 68.Ra7 Ke5 69.Rxa2 Kd6 70.Rd2  1-0

[Event "ch-CRO"]
[Site "Pula CRO"]
[Date "2000.01.17"]
[Round "11"]
[White "Stevic,H"]
[Black "Fercec,N"]
[Result "0-1"]
[WhiteElo "2508"]
[BlackElo "2464"]

1.e4 c5 2.c3 Nf6 3.e5 Nd5 4.Nf3 e6 5.Bc4 b6 6.O-O Bb7 7.d4 cxd4 8.Nxd4 Na6
9.Nb5 Nac7 10.Nd6+ Bxd6 11.exd6 Na6 12.Qe2 Nc5 13.Rd1 O-O 14.b4 Na4 15.Qc2 b5
16.Bxb5 Nab6 17.a4 Rc8 18.Qb3 Qf6 19.c4 Nxc4 20.Bxc4 Rxc4 21.Qxc4 Qxa1 22.Ba3 Qf6
23.Qd4 Qg6 24.Qd3 Qxd3 25.Rxd3 Nf4 26.Rd1 Bxg2 27.Nc3 Bf3 28.Re1 Rc8 29.Nb5 Rc2
30.Re3 Ra2 31.h4 Ra1+ 32.Kh2 Bc6 33.Nxa7 Rh1+ 34.Kg3 Nh5+ 35.Kg4 Nf6+ 36.Kg3 Bxa4
37.Bb2 Nh5+ 38.Kg4 Bd1+ 39.f3 Rg1+ 40.Kxh5 Bc2 41.Re4 Bxe4 42.fxe4 h6 43.Nc8 Kh7
44.Bxg7 Kxg7 45.Nb6 Rb1 46.Nxd7 Rxb4 47.Nc5 Rd4 48.d7 e5 49.Kg4 Kg6 50.h5+ Kf6
51.Kh4 Ke7 52.Kg4 Rc4 53.Nb7 Kxd7 54.Kf5 Kc7 55.Na5 Rc3  0-1

[Event "ch-CRO"]
[Site "Pula CRO"]
[Date "2000.01.17"]
[Round "11"]
[White "Novak,D"]
[Black "Palac,M"]
[Result "0-1"]
[WhiteElo "2377"]
[BlackElo "2570"]

1.e4 c5 2.c3 Nf6 3.e5 Nd5 4.d4 cxd4 5.Nf3 d6 6.cxd4 Nc6 7.Bc4 Nb6 8.Bb5 dxe5
9.Nxe5 Bd7 10.Bxc6 Bxc6 11.Nxc6 bxc6 12.O-O g6 13.Re1 Bg7 14.Bg5 O-O 15.Bxe7 Qxd4
16.Qxd4 Bxd4 17.Nc3 Rfe8 18.Bg5 Nc4 19.Ne4 Re6 20.Rad1 Bxb2 21.Nc5 Rxe1+
22.Rxe1 f6 23.Bf4 Rd8 24.h3 Ba3 25.Nb3 c5 26.Bc1 Bb4 27.Re4 Rd1+ 28.Kh2 Nd6  0-1

[Event "ch-CRO"]
[Site "Pula CRO"]
[Date "2000.01.19"]
[Round "13"]
[White "Stevic,H"]
[Black "Palac,M"]
[Result "1/2-1/2"]
[WhiteElo "2508"]
[BlackElo "2570"]

1.e4 c5 2.c3 Nf6 3.e5 Nd5 4.Nf3 d6 5.Bc4 Nb6 6.e6 Nxc4 7.Qa4+ Nc6 8.exf7+ Kxf7
9.Qxc4+ d5 10.Qxc5 e5 11.Qe3 e4 12.Ng5+ Kg8 13.d3 h6 14.Nh3 Bf5 15.dxe4 dxe4
16.Nd2 Qd7 17.Nf4 b6 18.O-O Kh7 19.Qe2 Re8 20.Nc4 Bg4 21.Qd2 Qf7 22.Nd5 Be6
23.Nce3 Rd8 24.c4 Bd6 25.Qc2 Qg6 26.Nc3 Nd4 27.Qxe4 Ne2+ 28.Kh1 Nxc3 29.Qxg6+ Kxg6
30.bxc3 Bc5 31.a4  1/2-1/2

[Event "Israeli League"]
[Site "Ramat Aviv ISR"]
[Date "2000.01.21"]
[Round "2"]
[White "Shrentzel,M"]
[Black "Gruenfeld,Y"]
[Result "0-1"]
[WhiteElo "2334"]
[BlackElo "2523"]

1.e4 c5 2.c3 Nf6 3.e5 Nd5 4.Nf3 Nc6 5.d4 cxd4 6.cxd4 d6 7.Bc4 Nb6 8.Bb5 dxe5
9.Nxe5 Bd7 10.Nc3 Nxe5 11.dxe5 Bxb5 12.Nxb5 a6 13.Be3 Nd7 14.Nc3 Nxe5 15.Qb3 e6
16.O-O Qe7 17.a3 Rc8 18.Rfd1 Qc7 19.Rac1 Nc6 20.Ne4 Be7 21.Nc5 Bxc5 22.Bxc5 Rd8
23.Rxd8+ Nxd8 24.Qa4+ Qd7 25.Qg4 f5 26.Qg5 Kf7 27.Qh5+ g6 28.Qh6 e5 29.h4 Ne6
30.Bb4 Nf4 31.Re1 Qc6 32.f3 Qc2 33.Qg5 Re8 34.h5 gxh5 35.Kh1 h6 36.Qg3 Rg8  0-1

[Event "V Ubeda Open"]
[Site "Ubeda ESP"]
[Date "2000.01.25"]
[Round "7"]
[White "Hovhanisian,M"]
[Black "Candela Perez,J"]
[Result "0-1"]
[WhiteElo "2361"]
[BlackElo "2409"]

1.e4 c5 2.c3 Nf6 3.d3 Nc6 4.Nd2 g6 5.Ngf3 Bg7 6.Be2 d5 7.O-O e5 8.Re1 O-O
9.a4 h6 10.Bf1 Qc7 11.Qc2 b6 12.b4 Be6 13.bxc5 bxc5 14.exd5 Bxd5 15.Ba3 Nd7
16.Rab1 Rfe8 17.g3 Na5 18.c4 Bc6 19.Bg2 Nb7 20.Ne4 Rad8 21.Nc3 Qa5 22.Nd2 e4
23.Ndxe4 Kh8 24.Ng5 Rxe1+ 25.Rxe1 hxg5 26.Bxc6 Qxc3 27.Qxc3 Bxc3 28.Re7 Ne5
29.Bxb7 Nxd3 30.Rxf7 g4 31.Rc7 Bd4 32.Rc8 Rxc8 33.Bxc8 Nxf2 34.Kg2 Kg7 35.Bc1 Nd3
36.Bf4 Nb2 37.Bb8 a5 38.Bxg4 Nxc4 39.Kf1 Ne3+ 40.Ke2 Nxg4 41.Bc7 Bc3 42.h3 Ne5  0-1

[Event "BCX Open"]
[Site "Brasilia BRA"]
[Date "2000.01.29"]
[Round "4"]
[White "Batista,G"]
[Black "Limp,E"]
[Result "1-0"]
[WhiteElo "2234"]
[BlackElo "2420"]

1.e4 c5 2.c3 Nf6 3.e5 Nd5 4.d4 cxd4 5.Nf3 Nc6 6.Bc4 Nb6 7.Bb3 d5 8.exd6 exd6
9.O-O Be7 10.Nxd4 O-O 11.Bf4 Nxd4 12.Qxd4 d5 13.Re1 Bf6 14.Be5 Re8 15.Nd2 Rxe5
16.Rxe5 Be6 17.Qf4 Bxe5 18.Qxe5 Nc4 19.Bxc4 dxc4 20.Qe3 Qa5 21.Nf3 Re8 22.Nd4 Bd7
23.Qd2 h6 24.a3 Qb6 25.Rd1 Re7 26.Qc1 Ba4 27.Rd2 Qg6 28.Qf1 Bc6 29.Re2 Rxe2
30.Nxe2 Qc2 31.Nd4 Qxb2  1-0

[Event "5th It"]
[Site "Montecatini Terme ITA"]
[Date "2000.01.29"]
[Round "1"]
[White "Trabert,B"]
[Black "Costantini,R"]
[Result "1-0"]
[WhiteElo "2273"]
[BlackElo "2241"]

1.e4 c5 2.c3 Nf6 3.e5 Nd5 4.d4 cxd4 5.Nf3 d6 6.Qxd4 e6 7.Qe4 Nc6 8.Bb5 Bd7
9.c4 Nc7 10.exd6 Bxd6 11.O-O a6 12.Ba4 b5 13.cxb5 axb5 14.Bb3 Na5 15.Bc2 Bc6
16.Qg4 Qe7 17.Qxg7 O-O-O 18.Bg5 Rhg8 19.Bxe7 Rxg7 20.Bxd6 Rxd6 21.Ne1 b4
22.f3 f5 23.Rf2 Rgd7 24.b3 Na6 25.a3 Nb7 26.axb4 Nxb4 27.Na3 Na5 28.Nc4 Nxc4
29.bxc4 Rd4 30.Bb3 Kb7 31.Re2 Re7 32.Rb1 Kb6 33.Nc2 Nxc2 34.Bxc2+ Kc5 35.Bxf5 Rxc4
36.Rxe6 Rg7 37.Re3 Rg5 38.Be6 Rc2 39.Bh3 Rg7 40.Rbe1 Kd4 41.R1e2 Rc1+ 42.Kf2 Rh1
43.Rd2+ Kc5 44.Rc3+ Kb6 45.Rd6 Rc7 46.Bd7 Rxd7 47.Rcxc6+ Kb7 48.Rxd7+  1-0